<?xml version="1.0" encoding="UTF-8"?>
<record
    xmlns:xsi="http://www.w3.org/2001/XMLSchema-instance"
    xsi:schemaLocation="http://www.loc.gov/MARC21/slim http://www.loc.gov/standards/marcxml/schema/MARC21slim.xsd"
    xmlns="http://www.loc.gov/MARC21/slim">

  <leader>01277nam0a22002891  4500</leader>
  <controlfield tag="001">v19\rc\1317334</controlfield>
  <controlfield tag="005">20250620060511.0</controlfield>
  <datafield tag="035" ind1=" " ind2=" ">
    <subfield code="a">(NLR Aleph) 005202321</subfield>
  </datafield>
  <datafield tag="090" ind1=" " ind2=" ">
    <subfield code="a">5322747</subfield>
    <subfield code="c">5322747</subfield>
  </datafield>
  <datafield tag="100" ind1=" " ind2=" ">
    <subfield code="a">20060512e19001900|||y0rusy50      ca</subfield>
  </datafield>
  <datafield tag="101" ind1="0" ind2=" ">
    <subfield code="a">rus</subfield>
  </datafield>
  <datafield tag="102" ind1=" " ind2=" ">
    <subfield code="a">RU</subfield>
  </datafield>
  <datafield tag="105" ind1=" " ind2=" ">
    <subfield code="a">a   z   |||||</subfield>
  </datafield>
  <datafield tag="200" ind1="1" ind2=" ">
    <subfield code="a">&#x41F;&#x440;&#x438;&#x432;&#x438;&#x43B;&#x435;&#x433;&#x438;&#x44F; &#x434;&#x43E;&#x43A;&#x442;&#x43E;&#x440;&#x443; &#x421;&#x442;&#x435;&#x444;&#x430;&#x43D;&#x443; &#x425;&#x430;&#x434;&#x436;&#x438;-&#x420;&#x438;&#x441;&#x442;&#x438;&#x447;&#x443; (d-r Stefan Hagyi-Ristic) &#x43D;&#x430; &#x441;&#x43F;&#x43E;&#x441;&#x43E;&#x431; &#x438; &#x430;&#x43F;&#x43F;&#x430;&#x440;&#x430;&#x442; &#x434;&#x43B;&#x44F; &#x43A;&#x43E;&#x43D;&#x441;&#x435;&#x440;&#x432;&#x438;&#x440;&#x43E;&#x432;&#x430;&#x43D;&#x438;&#x44F; &#x43A;&#x43E;&#x440;&#x43C;&#x43E;&#x432;&#x44B;&#x445; &#x437;&#x435;&#x440;&#x435;&#x43D; &#x432; &#x43C;&#x430;&#x43B;&#x44B;&#x445; &#x43E;&#x431;&#x44A;&#x435;&#x43C;&#x430;&#x445;</subfield>
  </datafield>
  <datafield tag="210" ind1=" " ind2=" ">
    <subfield code="a">&#x421;&#x430;&#x43D;&#x43A;&#x442;-&#x41F;&#x435;&#x442;&#x435;&#x440;&#x431;&#x443;&#x440;&#x433;</subfield>
    <subfield code="c">&#x442;&#x438;&#x43F;. &#x413;&#x440;&#x430;&#x434;&#x43E;&#x43D;&#x430;&#x447;&#x430;&#x43B;&#x44C;&#x441;&#x442;&#x432;&#x430;</subfield>
    <subfield code="d">[1900]</subfield>
  </datafield>
  <datafield tag="215" ind1=" " ind2=" ">
    <subfield code="a">4 &#x441;., 1 &#x43B;. &#x447;&#x435;&#x440;&#x442;.</subfield>
  </datafield>
  <datafield tag="309" ind1=" " ind2=" ">
    <subfield code="a">&#x411;&#x435;&#x437; &#x442;&#x438;&#x442;. &#x43B;. &#x438; &#x43E;&#x431;&#x43B;.</subfield>
  </datafield>
  <datafield tag="311" ind1=" " ind2=" ">
    <subfield code="a">&#x41E;&#x442;&#x434;. &#x43E;&#x442;&#x442;. &#x438;&#x437; &#x436;&#x443;&#x440;&#x43D;. "&#x421;. &#x425;. &#x438; &#x41B;." &#x437;&#x430; &#x444;&#x435;&#x432;&#x440;. N 2</subfield>
  </datafield>
  <datafield tag="488" ind1=" " ind2="0">
    <subfield code="1">2001#$a&#x421;&#x435;&#x43B;&#x44C;&#x441;&#x43A;&#x43E;&#x435; &#x445;&#x43E;&#x437;&#x44F;&#x439;&#x441;&#x442;&#x432;&#x43E; &#x438; &#x43B;&#x435;&#x441;&#x43E;&#x432;&#x43E;&#x434;&#x441;&#x442;&#x432;&#x43E;$v1900, &#x444;&#x435;&#x432;&#x440;., N 2</subfield>
    <subfield code="t">&#x421;&#x435;&#x43B;&#x44C;&#x441;&#x43A;&#x43E;&#x435; &#x445;&#x43E;&#x437;&#x44F;&#x439;&#x441;&#x442;&#x432;&#x43E; &#x438; &#x43B;&#x435;&#x441;&#x43E;&#x432;&#x43E;&#x434;&#x441;&#x442;&#x432;&#x43E;</subfield>
  </datafield>
  <datafield tag="702" ind1=" " ind2="1">
    <subfield code="a">&#x425;&#x430;&#x434;&#x436;&#x438;-&#x420;&#x438;&#x441;&#x442;&#x438;&#x447;</subfield>
    <subfield code="b">&#x421;.</subfield>
    <subfield code="g">&#x421;&#x442;&#x435;&#x444;&#x430;&#x43D;</subfield>
    <subfield code="4">570</subfield>
  </datafield>
  <datafield tag="790" ind1=" " ind2="1">
    <subfield code="a">&#x420;&#x438;&#x441;&#x442;&#x438;&#x447;</subfield>
    <subfield code="b">&#x421;.</subfield>
    <subfield code="g">&#x421;&#x442;&#x435;&#x444;&#x430;&#x43D;</subfield>
  </datafield>
  <datafield tag="801" ind1=" " ind2="0">
    <subfield code="a">RU</subfield>
    <subfield code="b">NLR</subfield>
    <subfield code="c">20060512</subfield>
    <subfield code="g">psbo</subfield>
  </datafield>
  <datafield tag="801" ind1=" " ind2="1">
    <subfield code="a">RU</subfield>
    <subfield code="b">ProSoft-M</subfield>
    <subfield code="c">20060512</subfield>
    <subfield code="2">rusmarc</subfield>
  </datafield>
  <datafield tag="801" ind1=" " ind2="2">
    <subfield code="a">RU</subfield>
    <subfield code="b">NLR</subfield>
    <subfield code="c">20061114</subfield>
    <subfield code="2">rusmarc</subfield>
  </datafield>
  <datafield tag="852" ind1=" " ind2=" ">
    <subfield code="a">NLR</subfield>
    <subfield code="j">20.58.5.316</subfield>
  </datafield>
  <datafield tag="942" ind1=" " ind2=" ">
    <subfield code="c">BOOK</subfield>
  </datafield>
  <datafield tag="980" ind1=" " ind2=" ">
    <subfield code="a">NB</subfield>
  </datafield>
  <datafield tag="995" ind1=" " ind2=" ">
    <subfield code="5">2013-10-26</subfield>
    <subfield code="b">NLR02</subfield>
    <subfield code="c">NLR02</subfield>
    <subfield code="e">RFS</subfield>
    <subfield code="f">5202321-10</subfield>
    <subfield code="k">20.58.5.316</subfield>
    <subfield code="o">0</subfield>
    <subfield code="r">BOOK</subfield>
    <subfield code="s">20585316_</subfield>
  </datafield>
</record>
